Štub. Teplice Partia z parku

Bibliographic Details
Format: Photo
Language:Slovak
Published: [Prešov] Lichtig [medzi 1922 a 1939?]
Subjects:

MARC

LEADER 00000nkmaa2200000 a 4500
001 vtls010094403
003 SK-MaSNL
005 20260302044707.0
007 kf ao
008 231204q1922 xo 000 ||00 k|slo
035 |a 58068A66-9AA7-4BAF-9007-A77C43F9FFE7 
035 |a urn:nbn:sk:snk-km001myt 
035 |a urn:nbn:sk:snk-kmtho0 
040 |a SNKLA  |b slo  |c SNKLA  |e AACR2 
041 0 |a slo 
044 |a xo  |c SK 
245 0 0 |a Štub. Teplice  |h [grafika]  |b Partia z parku 
260 |a [Prešov]  |b Lichtig  |c [medzi 1922 a 1939?] 
300 |a 1 pohľadnica  |b tónované  |c 9x14 cm 
610 2 7 |a Zlaté kúpele (Turčianske Teplice, Slovensko)  |2 SNKLA  |9 173054 
651 7 |a Turčianske Teplice (Slovensko)  |2 SNKPH  |9 25478 
651 7 |a Slovensko  |2 SNKPH 
655 7 |a geografické pohľadnice  |2 SNKPH  |9 70522 
958 |a BLA 
999 |c 1090708  |d 1092638 
952 |a SNKLA  |b SNKLA  |c SNKLA_DEP  |y NEVYP  |7 0  |p 17A0647314  |o snkLA 4280/1970  |0 0  |1 0  |4 0  |d 2014-09-02  |f 1  |l 0  |r 2026-02-24 16:55:59  |w 2026-02-24